DNA damage and repair: Methods and applications (Record no. 395190)

MARC details
000 -LEADER
fixed length control field 00514 a2200193 4500
005 - DATE & TIME
control field 20260203161149.0
008 - FIXED-LENGTH DATA ELEMENTS--GENERAL INFORMATION
fixed length control field 260203b |||||||| |||| 00| 0 eng d
020 ## - ISBN
International Standard Book Number 9789384533915
Price Rs. 2995.00
040 ## - CATALOGING SOURCE
Original cataloging agency VIVEKANANDA LIBRARY
082 ## - DDC NUMBER
Classification number 616.042
Book Number Q48D
100 ## - MAIN ENTRY--PERSONAL NAME
Personal name Quillan, Maxx
245 ## - TITLE STATEMENT
Title DNA damage and repair: Methods and applications
260 ## - PUBLICATION, DISTRIBUTION, ETC. (IMPRINT)
Name of publisher, distributor, etc Amiga Press Inc.
Date of publication, distribution, etc 2024
Place of publication, distribution, etc Delhi
300 ## - PHYSICAL DESCRIPTION
Pages viii, 243
650 ## - Subject
Subject Medical Biotechnology
650 ## - Subject
Subject DNA Molecules
650 ## - Subject
Subject DNA Damage
942 ## - ADDED ENTRY ELEMENTS (KOHA)
Koha item type Books
Holdings
Withdrawn status Lost status Source of classification or shelving scheme Damaged status Not for loan Location (home branch) Sublocation or collection (holding branch) Shelving location Date acquired Koha issues (times borrowed) Koha full call number Accession No. Koha date last seen Koha item type
    Dewey Decimal Classification     VIVEKANANDA LIBRARY VIVEKANANDA LIBRARY Vivekananda Library 07/01/2026   616.042 Q48D 444048 07/01/2026 Books
© Designed and Maintained by Vivekananda Library, MDU Rohtak